| 000 | 01170cam a22003257a 4500 | ||
|---|---|---|---|
| 003 | CHAP | ||
| 005 | 20220329134529.0 | ||
| 008 | 971013s1918 r 00010 d | ||
| 010 | _a21720 | ||
| 011 | _a22692 | ||
| 035 | _a26787 | ||
| 040 | _cCHAP | ||
| 082 |
_a338.1735 _bA8 |
||
| 110 | 2 |
_aAsociación de Hacendados Henequeneros de Yucatán _97999 |
|
| 245 | 1 | 0 | _aEscritos presentados por los representantes de la Asociación ante la Suprema Corte de Justicia de la Nación |
| 260 |
_aMéxico, D.F. : _bImprenta Franco-Mexicana, _c1918 |
||
| 300 | _a32 p | ||
| 500 | _aLa biblioteca tiene : v.1, v.2, v.3 | ||
| 590 |
_aBATCH-UPD _b10 _c20130110 _lUCH01 _h1102 |
||
| 590 |
_aBATCH-UPD _b10 _c20130410 _lUCH01 _h0655 |
||
| 590 |
_aBATCH-UPD _b10 _c20130914 _lUCH01 _h1606 |
||
| 590 |
_aCONVERSION _b10 _c20130109 _lUCH01 _h1313 |
||
| 650 | 1 | 4 |
_aHenequén _xYucatán. _953592 |
| 710 | 0 |
_aComisión Reguladora del Mercado de Henequén. _925829 |
|
| 901 | _aBK | ||
| 942 | _cLIBRO | ||
| 949 |
_a338.1735 A8 _bBC _cBPP _d267871 _eBPP _fv.1 _i26787 _sb |
||
| 949 |
_a338.1735 A8 _bBC _cBPP _d267872 _eBPP _fv.2 _i26787 _sb |
||
| 949 |
_a338.1735 A8 _bBC _cBPP _d267873 _eBPP _fv.3 _i26787 _sb |
||
| 999 |
_c21720 _d21720 |
||